Logo BPK

Biblioteka

Politechniki Koszalińskiej

Energoelektronika : (Rekord nr 55355)

Szczegóły MARC
000 -ETYKIETA REKORDU
podpole kontrolne o stałej długości 01043nam a2200289 i 4500
001 - NUMER KONTROLNY REKORDU
pole kontrolne bg
015 ## - NUMER BIBLIOGRAFII NARODOWEJ
Numer bibliografii narodowej PB 12655/2008
020 ## - MIĘDZYNARODOWY ZNORMALIZOWANY NUMER KSIĄŻKI - ISBN
ISBN 9788360200384
ISBN błędny lub unieważniony 9788360200386
040 ## - ŹRÓDŁO KATALOGOWANIA
Instytucja, która utworzyła rekord BPK
041 ## - KOD JĘZYKA
Kod języka tekstu pol
044 ## - KOD KRAJU WYDAWCY/PRODUCENTA
Kod kraju wydawcy/producenta POL
080 ## - UNIWERSALNA KLASYFIKACJA DZIESIĘTNA - UKD
UKD 621.31:621.38:621.3.02](07)
920 ## - Międzynarodowy znormalizowany numer książki – ISBN
ISBN 978-83-60200-38-4
ISBN błędny lub unieważniony 978-83-60200-38-6
008 - POLE O STAŁEJ DŁUGOŚCI - DANE KONTROLNE
podpole kontrolne o stałej długości 080311s2007 pl a f f |000 0 pol
100 1# - NAZWA OSOBOWA
Nazwa osobowa Citko, Tadeusz
Daty związane z nazwą (1944- ).
245 10 - TYTUŁ/ODPOWIEDZIALNOŚĆ
Tytuł Energoelektronika :
Ciąg dalszy tytułu układy wysokiej częstotliwości /
Pozostałe elementy strefy tytułu i oznaczenia odpowiedzialności Tadeusz Citko ; [Komitet Elektrotechniki Polskiej Akademii Nauk].
246 30 - WARIANT TYTUŁU
Tytuł Układy wysokiej częstotliwości
260 ## - STREFA ADRESU WYDAWNICZEGO
Miejsce wydania Białystok :
Nazwa wydawcy/dystrybutora Wydawnictwo Politechniki Białostockiej,
Data publikacji, dystrybucji/powstania dokumentu 2007.
300 ## - STREFA OPISU FIZYCZNEGO
Objętość 257 s. :
Inne cechy fizyczne il. ;
Rozmiary 24 cm.
500 ## - UWAGI OGÓLNE
Tekst uwagi Na książce wyłącznie błędny ISBN.
504 ## - UWAGA DOTYCZĄCA BIBLIOGRAFII
Informacje o bibliografii Bibliogr. przy rozdz.
521 ## - UWAGA DOTYCZĄCA PRZEZNACZENIA CZYTELNICZEGO
Przeznaczenie czytelnicze Dla studentów i dyplomantów specjalizjących się w zakresie elektroniki mocy i energoelektroniki.
650 #9 - HASŁO PRZEDMIOTOWE W FORMIE NAZWY OGÓLNEJ LUB JEDNOSTKOWEJ
Nazwa ogólna lub geograficzna Energoelektronika
650 #9 - HASŁO PRZEDMIOTOWE W FORMIE NAZWY OGÓLNEJ LUB JEDNOSTKOWEJ
Nazwa ogólna lub geograficzna Przekształtniki
655 ## - TERMIN INDEKSOWY - OKREŚLENIE RODZAJU/FORMY DOKUMENTU
Określenie rodzaju/formy dokumentu Podręczniki akademickie
856 ## - LOKALIZACJA I DOSTĘP DO ELEKTRONICZNYCH DOKUMENTÓW ZDALNYCH
Link (URL) http://koha.tu.koszalin.pl/cgi-bin/koha/opac-detail.pl?biblionumber=55355
Tekst linku Katalog online BPK
942 ## - DODATKOWE ELEMENTY (KOHA)
Typ dokumentu Książka
Egzemplarze
Wycofany Status egzemplarza Uszkodzony Dostępność Lokalizacja stała Lokalizacja bieżąca Miejsce przechowywania Sygnatura Kod kreskowy Dział Typ dokumentu
      Tylko na miejscu Biblioteka Politechniki Koszalińskiej Biblioteka Politechniki Koszalińskiej Czytelnia BG 88392 02449890 621.31 Elektroenergetyka Książka
© 2023 Biblioteka Politechniki Koszalińskiej :: KOHA